Kontrola nákladov a kalkulácia
Na minha lista:
| Autor principal: | |
|---|---|
| Autor Corporativo: | |
| Outros Autores: | , |
| Formato: | Livro |
| Idioma: | eslovaco |
| Publicado em: |
Bratislava
Vysoká škola ekonomická
1983
|
| Tags: |
Sem tags, seja o primeiro a adicionar uma tag!
|
MARC
| LEADER | 00000nam a2200000 4500 | ||
|---|---|---|---|
| 001 | c134326 | ||
| 005 | 20230313070330.2 | ||
| 041 | 0 | |a slo | |
| 044 | |a SK | ||
| 245 | 1 | 0 | |a Kontrola nákladov a kalkulácia |c Ján Laca, Ľudmila Štubňová, Štefan Trnovský |
| 264 | 1 | |a Bratislava |b Vysoká škola ekonomická |c 1983 | |
| 300 | |a 384 s. | ||
| 100 | 1 | |a Laca, Ján | |
| 700 | 1 | |a Štubňová, Ľudmila | |
| 700 | 1 | |a Trnovský, Štefan | |
| 710 | 2 | |a Vysoká škola ekonomická v Bratislave. Fakulta riadenia | |